000 00538nam a2200097Ia 4500
008 170517s9999 xx 000 0 und d
245 4 _aThe History of Asbestos
300 _aThe History of Asbestos is the must-see documentary for anyone affected by asbestos. America's workers are suffering from asbestoses, mesothelioma and a number of asbestos related diseases because of corporate greed. See the full documentary about tragedy of America's...
650 _xTechnology.
856 _uhttp://topdocumentaryfilms.com/the-history-of-asbestos/
999 _c335111
_d335111